Hô-nô-rê đơ Ban-dăc (1799-1850) /

Gespeichert in:
Bibliographische Detailangaben
1. Verfasser: Trọng Đức
Format: Sách giấy
Sprache:Vietnamese
Veröffentlicht: Hà Nội : Giáo dục , 1980
Tags: Tag hinzufügen
Keine Tags, Fügen Sie den ersten Tag hinzu!
Thư viện lưu trữ: Thư viện Trường Đại học Đà Lạt
LEADER 00583nam a2200253 4500
001 DLU020013265
005 ##6/9/2000
020 # # |a 978- 
041 # # |a vie 
082 # # |a 928.41  |b TR-D 
090 # # |a 928.41  |b TR-D 
100 # # |a Trọng Đức 
245 # # |a Hô-nô-rê đơ Ban-dăc (1799-1850) /  |c Trọng Đức 
260 # # |a Hà Nội :  |b Giáo dục ,  |c 1980 
300 # # |a 176 tr.;   |c 20 cm. 
992 # # |a 360 
994 # # |a DLU 
900 # # |a False 
911 # # |a Administrator 
925 # # |a G 
926 # # |a A 
927 # # |a SH 
980 # # |a Thư viện Trường Đại học Đà Lạt